[Event "First Saturday GM November 2014"]
[Site "Budapest"]
[Date "2014.11.11"]
[Round "10.2"]
[White "Farkas, Richard"]
[Black "Aharon, Ofir"]
[Result "1-0"]
[WhiteElo "2305"]
[BlackElo "2327"]
[PlyCount "81"]
[EventDate "2014.11.01"]

1. d4 g6 2. Nf3 Bg7 3. c3 Nf6 4. Bg5 O-O 5. Nbd2 d6 6. e4 c5 7. dxc5 dxc5 8.
Bc4 Nc6 9. Qe2 Qc7 10. O-O Na5 11. Bd3 h6 12. Bh4 Nh5 13. Bg3 Nxg3 14. hxg3 b6
15. Nc4 Nc6 16. a4 Bb7 17. Rfd1 Rad8 18. Qe3 e5 19. a5 f5 20. axb6 axb6 21. Na3
Na5 22. Nh4 Qc6 23. b4 Rxd3 24. Qxd3 fxe4 25. Qe2 cxb4 26. cxb4 g5 27. bxa5
gxh4 28. gxh4 e3 29. fxe3 e4 30. Rab1 Qf6 31. Qe1 Qe7 32. Rxb6 Bf6 33. Qg3+ Kh8
34. Qg6 Bg7 35. Nc4 Qxh4 36. g3 Qe7 37. Nd6 Bc8 38. Nxc8 Rxc8 39. Re6 Qf8 40.
Rf1 Qd8 41. a6 1-0

[Event "First Saturday GM November 2014"]
[Site "Budapest"]
[Date "2014.11.11"]
[Round "10.3"]
[White "Flumbort, Andras Dr"]
[Black "Tran, Tuan Minh"]
[Result "0-1"]
[WhiteElo "2458"]
[BlackElo "2391"]
[PlyCount "62"]
[EventDate "2014.11.01"]

1. Nf3 Nf6 2. c4 e6 3. g3 b6 4. Bg2 Bb7 5. O-O Be7 6. d4 O-O 7. d5 exd5 8. Nh4
c6 9. cxd5 Nxd5 10. Nf5 Bc5 11. e4 Ne7 12. Nxg7 Kxg7 13. b4 Ba6 14. Re1 Bxf2+
15. Kxf2 Ng6 16. Kg1 f6 17. Qh5 Kh8 18. Nc3 Qe7 19. e5 Nxe5 20. Bh6 Rg8 21. Ne4
d6 22. Rad1 Bd3 23. b5 Bxe4 24. Rxe4 a6 25. bxc6 Nbxc6 26. Be3 b5 27. Rh4 Ng6
28. Re4 Nce5 29. Qf5 Rad8 30. Bb6 Rc8 31. Bd4 Rc2 0-1